Lord of the Rings Quiz - Statistics

General Stats
  • This quiz has been taken 632 times
  • The average score is 53 of 75
Answer Stats
Hint Answer % Correct
1. The Dwarf who is part of the fellowship ? Gimli
100%
3. The Dragon which is known as 'The Golden' ? Smaug
95%
8. The Elf who is part of the fellowship ? Legolas
94%
16. The elf who rules Rivendell ? Elrond
90%
2. The Father of the above ? Gloin
90%
18. The elf who marries Aragon ? Arwen
89%
25. The Hobbit who formerly owned the ring ? Bilbo Baggins
89%
21. The carrier of the ring who is part of the fellowship ? Frodo
89%
35. The friendly grey wizard who later becomes white ? Gandalf
89%
23. The best friend of the ring carrier, who is also his gardener ? Samwise Gamgee
89%
39. The man known as ‘Strider’ and is the heir to the throne of Gondor ? Aragorn
88%
13. The female co-ruler of Lothlorien ? Galadriel
87%
32. Frodo's other Hobbit friend ? Pippin
87%
36. The other white wizard who lives in Isengard ? Saruman
87%
34. Frodo’s sword glows when what are near ? Orcs
85%
58. Who created the one ring ? Sauron
85%
51. The man who is present at the council of Elrond and has the horn of Gondor ? Boromir
84%
24. The famous place where the hobbits live? The Shire
84%
43. How many are their of the above ? 9
83%
52. The brother of the above? Faramir
83%
42. The hooded creatures which chase after Frodo for possession of the ring ? Nazgul
83%
27. How old is Bilbo at his birthday party ? 111th
82%
57. What animals rescue Frodo and Samwise after they have destroyed the ring ? Eagles
82%
61. Who did Bilbo steal the ring from ? Gollum
82%
31. The cousin of Frodo , who fought in the battle of Pelennor Fields ? Merry
82%
33. The name of Frodo’s sword ? Sting
82%
14. The male co-ruler of Lothlorien ? Celeborn
80%
48. The Witch-king was killed by what women ? Eowyn
80%
54. Who was the corrupted advisor to the above ? Wormtongue
80%
67. What beast did Gandalf battle in Moria ? Balrog
79%
37. The brown wizard who is linked to animals ? Radagast
79%
53. Who is the King of Rohan ? Theoden
79%
63. One does not simply _ into Mordor ? Walk
79%
26. The house which the above lived in, within the Shire ? Bag End
78%
62. Who chopped the one ring of Saurons finger ? Isildur
78%
44. The answer to qeustion 42 were formerly which race? Men
78%
5. What famous Stone is found in Erebor ? Arkenstone
76%
4. Who killed the above ? Bard the Bowmen
76%
49. The brother of the above ? Eomer
76%
30. How Hobbits are referred to by men ? Halflings
76%
40. The father of the above ? Arathorn
75%
60. Where was the one ring created ? Mount Doom
74%
9. Who is the king of Mirkwood and father of the above ? Thranduil
74%
71. What city is sieged in the battle of Pelennor Fields ? Minas Tirith
70%
68. What metal is prized by the Dwarfs and Frodos mail shirt is made out of ? Mithril
69%
59. What was the name of the pony which the Hobbits purchased in Bree ? Bill
68%
45. Who is said to wear the 'Iron Crown' ? Witch-king
68%
22. The fake name used by the above whilst in Bree ? Underhill
67%
69. What wolf-like beast is sometimes used by orcs ? Wargs
67%
66. Who is known as the 'Lord of Moria' ? Balin
66%
47. What place was Formerly known as Minas Ithil ? Minas Morgul
66%
64. What is the fortified entrance to Mordor called ? Black Gate
64%
55. Who are known as the horse people ? Rohirrim
64%
50. The huge animals which are used at the battle of Pelennor Fields ? Mumakil
63%
72. Who rescued the Hobbits from the Barrow-wights ? Tom Bombadil
63%
7. Which Dwarf wants to retrieve the stone ? Thorin Oakenshield
62%
70. What watchtower do the Hobbits travel too after fleeing from Bree ? Weathertop
61%
74. The very fat dwarf who is part of the 13 dwarfs featured in 'The Hobbit' ? Bombur
60%
28. The famous inn which the Hobbits refer to many times ? Green Dragon
55%
12. The elf which encountered the fellowship in Nimrodel and leads them to Lorien ? Haldir
55%
29. The name of Frodo’s deceased father ? Drogo
53%
56. You should never _ a dwarf ? toss
53%
19. Famous Elven port found in middle earth ? Grey Havens
49%
65. The Uruk-hai which killed Boromir ? Lurtz
48%
75. What food is constantly stolen from Farmer Maggots Farm ? Mushrooms
48%
10. The elf which let frodo ride his horse to Rivendell ? Glorfindel
47%
41. The army which is recruited because they broke an ‘Oath’ ? Army of the dead
44%
73. The wife of the above ? Goldberry
44%
38. The collection of the five wizards are known as the ? Istari
44%
20. The Elven forger of the rings of power ? Celebrimbor
40%
46. What does the above ride (whilst in the air) ? Fellbeast
36%
6. What is this stone also known as ? Heart of the Mountain
35%
17. The elf twin brothers who are the sons of the above ? Elladan and Elrohir
29%
15. Famous trees that only grow in Lothlorien ? Mallorn tree
21%
11. The horses name of the above? Asfaloth
19%
No matching quizzes found
Score Distribution
Percent of People with Each Score
Percentile by Number Answered
Your Score History
You have not taken this quiz